Catálogo

Anne of green gables / (Registro nro. 37739)

Detalles MARC
000 -LEADER
fixed length control field 01197cam a2200337 i 4500
001 - CONTROL NUMBER
control field 37739
003 - CONTROL NUMBER IDENTIFIER
control field Mx-PuUPA
005 - DATE AND TIME OF LATEST TRANSACTION
control field 20240219090920.0
008 - FIXED-LENGTH DATA ELEMENTS--GENERAL INFORMATION
fixed length control field 140415s1987 nyub jr 000 fdeng d
020 ## - INTERNATIONAL STANDARD BOOK NUMBER
International Standard Book Number 055321313X
040 ## - CATALOGING SOURCE
Transcribing agency Mx-PuUPA
Original cataloging agency Mx-PuUPA
Language of cataloging spa
Modifying agency Mx-PuUPA
Description conventions rda
041 0# - LANGUAGE CODE
Language code of text/sound track or separate title eng
100 1# - MAIN ENTRY--PERSONAL NAME
Personal name Montgomery, L.M.,
Relator term autor
245 10 - TITLE STATEMENT
Title Anne of green gables /
Statement of responsibility, etc. L.M. Montgomery
250 ## - EDITION STATEMENT
Edition statement Bantam classic edition /
Remainder of edition statement Special collector's edition
264 #1 - PRODUCTION, PUBLICATION, DISTRIBUTION, MANUFACTURE, AND COPYRIGHT NOTICE
Place of production, publication, distribution, manufacture New York, NY :
Name of producer, publisher, distributor, manufacturer Bantam Books,
Date of production, publication, distribution, manufacture, or copyright notice 1987
300 ## - PHYSICAL DESCRIPTION
Extent xxiv, 308 páginas, 16 páginas sin numerar :
Other physical details mapas ;
Dimensions 18 cm
336 ## - CONTENT TYPE
Fuente rdacontent
Content type term texto
Content type code txt
337 ## - MEDIA TYPE
Source rdamedia
Media type term sin medio
Media type code n
338 ## - CARRIER TYPE
Source rdacarrier
Carrier type term volumen
Carrier type code nc
490 0# - SERIES STATEMENT
Series statement The Anne of green gables novels ;
Volume/sequential designation 1
490 0# - SERIES STATEMENT
Series statement A Bantam Classic
500 ## - GENERAL NOTE
General note "With a biography of L.M. Montgomery by Caroline Parry". -- Portada.
650 #7 - SUBJECT ADDED ENTRY--TOPICAL TERM
Source of heading or term armarc
Topical term or geographic name entry element Huérfanos
Form subdivision Novela
650 #7 - SUBJECT ADDED ENTRY--TOPICAL TERM
Source of heading or term armarc
Topical term or geographic name entry element Amistad
Form subdivision Novela
650 #7 - SUBJECT ADDED ENTRY--TOPICAL TERM
Source of heading or term armarc
Topical term or geographic name entry element Isla del Príncipe Eduardo
General subdivision Historia
Chronological subdivision Siglo XX
Form subdivision Novela
651 #4 - SUBJECT ADDED ENTRY--GEOGRAPHIC NAME
Geographic name Canadá
General subdivision Historia
Chronological subdivision 1867-1914
General subdivision Novela
942 ## - ADDED ENTRY ELEMENTS (KOHA)
Source of classification or shelving scheme Dewey Decimal Classification
Koha item type Libro
Classification part 813.54
Item part M734
Existencias
Withdrawn status Lost status Source of classification or shelving scheme Damaged status Not for loan Collection code Home library Current library Shelving location Date acquired Serial Enumeration / chronology Total Checkouts Full call number Barcode Date last seen Price effective from Koha item type
    Dewey Decimal Classification     General Angelópolis Angelópolis Sala general 19/02/2024 t.1   813.54 M734 1987 965000000167 19/02/2024 19/02/2024 Libro